TV Shows by IMDb Description - Statistics

General Stats
  • This quiz has been taken 184 times
    116 since last reset
  • The average score is 13 of 25
Answer Stats
Years Description TV Show % Correct
2008-2013 A chemistry teacher diagnosed with inoperable lung cancer turns to manufacturing and selling methamphetamine with a former student in order to secure his family's future. Breaking Bad
90%
2016- When a young boy vanishes, a small town uncovers a mystery involving secret experiments, terrifying supernatural forces and one strange little girl. Stranger Things
81%
1999- The misadventures of a talking sea sponge who works at a fast food restaurant, attends a boating school, and lives in an underwater pineapple. SpongeBob SquarePants
80%
2015-2022 The trials and tribulations of criminal lawyer Jimmy McGill in the years leading up to his fateful run-in with Walter White and Jesse Pinkman. Better Call Saul
79%
1994-2004 Follows the personal and professional lives of six twenty to thirty-something-year-old friends living in Manhattan. Friends
78%
2011-2019 Nine noble families fight for control over the lands of Westeros, while an ancient enemy returns after being dormant for millennia. Game of Thrones
75%
2005- A drama centered on the personal and professional lives of five surgical interns and their supervisors. Grey's Anatomy
71%
1989- The satiric adventures of a working-class family in the misfit city of Springfield. The Simpsons
65%
2013- The fractured domestic lives of a nihilistic mad scientist and his anxious grandson are further complicated by their inter-dimensional misadventures. Rick and Morty
60%
2009-2020 Three different but related families face trials and tribulations in their own uniquely comedic ways. Modern Family
56%
2019- The travels of a lone bounty hunter in the outer reaches of the galaxy, far from the authority of the New Republic. The Mandalorian
56%
2014-2020 Set 97 years after a nuclear war destroyed civilization, when a spaceship housing humanity's lone survivors sends 100 juvenile delinquents back to Earth, hoping to repopulate the planet. The 100
54%
2005- Five friends with big egos and small brains are the proprietors of an Irish pub in Philadelphia. It's Always Sunny in Philadelphia
51%
2011-2018 After a bad break-up, Jess, an offbeat young woman, moves into an apartment loft with three single men. Although they find her behavior very unusual, the men support her - most of the time. New Girl
49%
1993-2018 Two F.B.I. Agents, Fox Mulder the believer and Dana Scully the skeptic, investigate the strange and unexplained, while hidden forces work to impede their efforts. The X-Files
49%
2011- An anthology series exploring a twisted, high-tech multiverse where humanity's greatest innovations and darkest instincts collide. Black Mirror
48%
1999- In a wacky Rhode Island town, a dysfunctional family strive to cope with everyday life as they are thrown from one crazy scenario to another. Family Guy
48%
2007-2015 A drama about one of New York's most prestigious ad agencies at the beginning of the 1960s, focusing on one of the firm's most mysterious but extremely talented ad executives, Donald Draper. Mad Men
40%
2009-2015 The absurd antics of an Indiana town's public officials as they pursue sundry projects to make their city a better place. Parks and Recreation
36%
1990- New York's finest police detectives and prosecutors fight to make the city a safer place. With integrity as the guiding force from investigation to verdict, the teams weigh every perspective in their commitment to finding justice. Law & Order
33%
1974-1984 The Cunningham family live through the 1950s with help and guidance from the lovable and almost superhuman greaser, Fonzie. Happy Days
32%
2006-2011 A drama that follows the lives of the Dillon Panthers, one of the nation's best high school football teams, and their head coach Eric Taylor. Friday Night Lights
31%
1969-1974 The misadventures of a large family united when a widower and a widow marry. The Brady Bunch
22%
1959-1964 Ordinary people find themselves in extraordinarily astounding situations, which they each try to solve in a remarkable manner. The Twilight Zone
21%
1971-1979 A working class man constantly squabbles with his family over the important issues of the day. All in the Family
19%
No matching quizzes found
Score Distribution
Percent of People with Each Score
Percentile by Number Answered
Your Score History
You have not taken this quiz since the last reset